000 00548nam a2200205Ia 4500
003 OSt
005 20230510090344.0
008 210423s1989 xx 000 0 und d
040 _cAL
041 _aeng
082 _a658.3
_223
_bMITP
100 _aMITTAL ( A K);AGARWAL (S B).
_9101817
245 _aPersonnel management and industrial relations.
250 _a2
260 _aMeerut
_bSanjeeva Prakashan
_c1989
300 _av,26
_bPB
365 _b75
_cINR
906 _aindustrial ; management ; Personnel ; relations.
942 _2ddc
_cBK
999 _c171714
_d171714